Southville International School and Colleges
Your cart is empty.
  • Cart
  • Lists
    Public lists Eva Luna New books Lux_list list_1
    Your lists Log in to create your own lists
  • Log in to your account
  • Your cookies
  • Search history
Southville International School and Colleges
  • Advanced search
  • Recent comments
  • Most popular
  • Libraries

Log in to your account

Log in with GOOGLE


If you do not have an external account, but do have a local account, you can still log in:

  1. Home
  2. MARC view: Consuming Jesus
Normal view MARC view ISBD view

Consuming Jesus (Record no. 15743)

[ view plain ]
MARC details
000 -LEADER
fixed length control field 01835cam a22003974a 4500
001 - CONTROL NUMBER
control field 14905589
003 - CONTROL NUMBER IDENTIFIER
control field OSt
005 - DATE AND TIME OF LATEST TRANSACTION
control field 20140310182751.0
008 - FIXED-LENGTH DATA ELEMENTS--GENERAL INFORMATION
fixed length control field 070627s2007 miu b 000 0 eng
010 ## - LIBRARY OF CONGRESS CONTROL NUMBER
LC control number 2007026264
020 ## - INTERNATIONAL STANDARD BOOK NUMBER
International Standard Book Number 9780802830685 (pbk. : alk. paper)
040 ## - CATALOGING SOURCE
Original cataloging agency DLC
Transcribing agency DLC
Modifying agency DLC
050 00 - LIBRARY OF CONGRESS CALL NUMBER
Classification number BR 115
Item number .M596 2007
082 00 - DEWEY DECIMAL CLASSIFICATION NUMBER
Classification number M 261.0973
Item number M596 2007
100 1# - MAIN ENTRY--PERSONAL NAME
Personal name Metzger, Paul Louis.
245 10 - TITLE STATEMENT
Title Consuming Jesus
Remainder of title beyond race and class divisions in a consumer church
Statement of responsibility, etc Metzger, Paul Louis
260 ## - PUBLICATION, DISTRIBUTION, ETC. (IMPRINT)
Place of publication, distribution, etc Grand Rapids, Mich.
Name of publisher, distributor, etc William B. Eerdmans Pub.
Date of publication, distribution, etc c2007
300 ## - PHYSICAL DESCRIPTION
Extent 191 p.
Dimensions 23 cm.
504 ## - BIBLIOGRAPHY, ETC. NOTE
Bibliography, etc Includes bibliographical references.
505 0# - FORMATTED CONTENTS NOTE
Formatted contents note A faulty order : retreating battle camps and homogeneous units -- Disordered vision : battling the consumer balrog -- Reordering the cosmic powers : turning tables at the stone table -- Reordering the Christian's life : the supernatural shakeup -- Reordering the church : recovering the lost ark -- Reordering the church's outreach : overcoming market -- Forces and building beloved community.
521 ## - TARGET AUDIENCE NOTE
Target audience note
526 ## - STUDY PROGRAM INFORMATION NOTE
Reading level 1210L-1700L
541 ## - IMMEDIATE SOURCE OF ACQUISITION NOTE
-- 1
562 ## - COPY AND VERSION IDENTIFICATION NOTE
Number of copies 1
650 #0 - SUBJECT ADDED ENTRY--TOPICAL TERM
Topical term or geographic name as entry element Food
General subdivision Religious aspects
-- Christianity.
650 #0 - SUBJECT ADDED ENTRY--TOPICAL TERM
Topical term or geographic name as entry element Dinners and dining
General subdivision Religious aspects
-- Christianity.
650 #0 - SUBJECT ADDED ENTRY--TOPICAL TERM
Topical term or geographic name as entry element Church.
650 #0 - SUBJECT ADDED ENTRY--TOPICAL TERM
Topical term or geographic name as entry element Consumption (Economics)
General subdivision Religious aspects
-- Christianity.
650 #0 - SUBJECT ADDED ENTRY--TOPICAL TERM
Topical term or geographic name as entry element Materialism
General subdivision Religious aspects
-- Christianity.
650 #0 - SUBJECT ADDED ENTRY--TOPICAL TERM
Topical term or geographic name as entry element Race relations
General subdivision Religious aspects
-- Christianity.
650 #0 - SUBJECT ADDED ENTRY--TOPICAL TERM
Topical term or geographic name as entry element Social classes.
856 41 - ELECTRONIC LOCATION AND ACCESS
Materials specified Table of contents only
Uniform Resource Identifier <a href="http://www.loc.gov/catdir/toc/ecip0721/2007026264.html">http://www.loc.gov/catdir/toc/ecip0721/2007026264.html</a>
906 ## - LOCAL DATA ELEMENT F, LDF (RLIN)
a 7
b cbc
c orignew
d 1
e ecip
f 20
g y-gencatlg
942 ## - ADDED ENTRY ELEMENTS (KOHA)
Source of classification or shelving scheme Library of Congress Classification
Koha item type Books
Call number prefix
Holdings
Withdrawn status Lost status Source of classification or shelving scheme Damaged status Home library Current library Shelving location Date acquired Total Checkouts Full call number Barcode Date last seen Copy number Price effective from Koha item type
    Library of Congress Classification   College Library College Library General Circulation Section 11/06/2012   BR 115 .M596 2007 c16243 05/15/2018 1 11/06/2012 Books

Consuming Jesus

APA

Metzger P. L., . (2007). Consuming Jesus. Grand Rapids, Mich: William B. Eerdmans Pub.

Chicago

Metzger Paul Louis, . 2007. Consuming Jesus. Grand Rapids, Mich: William B. Eerdmans Pub.

Harvard

Metzger P. L., . (2007). Consuming Jesus. Grand Rapids, Mich: William B. Eerdmans Pub.

MLA

Metzger Paul Louis, . Consuming Jesus. Grand Rapids, Mich: William B. Eerdmans Pub. 2007.

  • Place hold
  • Print
  • Cite
  • Add to your cart (remove)
  • Save record
    BIBTEX Dublin Core MARCXML MARC (non-Unicode/MARC-8) MARC (Unicode/UTF-8) MARC (Unicode/UTF-8, Standard) MODS (XML) RIS
  • More searches
    Search for this title in:
    Other Libraries (WorldCat) Other Databases (Google Scholar) Online Stores (Bookfinder.com) Open Library (openlibrary.org)

Exporting to Dublin Core...

SOUTHVILLE LIBRARY

Southville International School and Colleges Library

1281 Tropical Ave. Cor. Luxembourg St., BF Homes International, Las Pinas City

Tel. No. 8256374 / 252358 Loc. 117/146

Powered by Koha